000 00951nam a2200277 a 4500
001 BRL_1229
005 20190320211109.0
008 021213s1999----mx-a######---#000-0#spa-#
020 _a970183769X
020 _a9685059098
041 _aspa
044 _amx
050 4 _aN8217.E88
_b.E87 1999
245 1 0 _aEspejismos del Medio Oriente
_bDelacroix a Moreau
_ctraducción del inglés y del francés, Reyna Aguiar Basurto.
260 _aMéxico
_bMuseo Nacional de San Carlos : Instituto Nacional de Bellas Artes
_c1999
300 _a273 p.
_bil.
_c33 cm.
500 _aAu1403
504 _aBibliografía: p. 273
650 1 4 _aExótismo en el arte
_vExposiciones
_919979
650 1 4 _aArte europeo
_vExposiciones
_ySiglo XIX
_94620
700 1 _aAguiar Basurto, Reyna
_etr.
_926189
710 2 _aMuseo Nacional de San Carlos (México)
_926190
710 2 _aInstituto Nacional de Bellas Artes (México)
_913982
902 _aGRL
942 _2lcc
_cB
999 _c10041
_d10041